| 000 -LEADER |
| fixed length control field |
01276cam a2200373 a 4500 |
| 001 - CONTROL NUMBER |
| control field |
7916809 |
| 003 - CONTROL NUMBER IDENTIFIER |
| control field |
OSt |
| 005 - DATE AND TIME OF LATEST TRANSACTION |
| control field |
20210921105212.0 |
| 006 - FIXED-LENGTH DATA ELEMENTS--ADDITIONAL MATERIAL CHARACTERISTICS |
| fixed length control field |
m d |
| 007 - PHYSICAL DESCRIPTION FIXED FIELD--GENERAL INFORMATION |
| fixed length control field |
cr n |
| 008 - FIXED-LENGTH DATA ELEMENTS--GENERAL INFORMATION |
| fixed length control field |
980622s1999 caua sb 001 0 eng d |
| 020 ## - INTERNATIONAL STANDARD BOOK NUMBER |
| International Standard Book Number |
0262571242 (pbk. : alk. paper) |
| 035 ## - SYSTEM CONTROL NUMBER |
| System control number |
(WaSeSS)ssj0000355098 |
| 038 ## - RECORD CONTENT LICENSOR |
| Staff Name |
khadija |
| 040 ## - CATALOGING SOURCE |
| Original cataloging agency |
DLC |
| Transcribing agency |
DLC |
| Modifying agency |
DLC |
| -- |
WaSeSS |
| 050 #4 - LIBRARY OF CONGRESS CALL NUMBER |
| Classification number |
QA279.2 |
| Item number |
.C66 1999 |
| 082 00 - DEWEY DECIMAL CLASSIFICATION NUMBER |
| Classification number |
519.54 |
| Edition number |
21 |
| Author Mark |
GLY |
| 210 10 - ABBREVIATED TITLE |
| Abbreviated title |
Computation, causation, and discovery |
| 245 00 - TITLE STATEMENT |
| Title |
Computation, causation, and discovery / |
| Statement of responsibility, etc. |
edited by Clark Glymour and Gregory F. Cooper. |
| 246 14 - VARYING FORM OF TITLE |
| Title proper/short title |
Computation, causation & discovery |
| 260 ## - PUBLICATION, DISTRIBUTION, ETC. |
| Place of publication, distribution, etc. |
Menlo Park, Calif. : |
| Name of publisher, distributor, etc. |
AAAI Press ; |
| Place of publication, distribution, etc. |
Cambridge, Mass. : |
| Name of publisher, distributor, etc. |
MIT Press, |
| Date of publication, distribution, etc. |
c1999. |
| 504 ## - BIBLIOGRAPHY, ETC. NOTE |
| Bibliography, etc. note |
Includes bibliographical references and index. |
| 506 ## - RESTRICTIONS ON ACCESS NOTE |
| Terms governing access |
License restrictions may limit access. |
| 563 ## - BINDING INFORMATION |
| Binding note |
P.B |
| 650 #0 - SUBJECT ADDED ENTRY--TOPICAL TERM |
| Topical term or geographic name entry element |
Prediction theory. |
| 9 (RLIN) |
968 |
| 650 #0 - SUBJECT ADDED ENTRY--TOPICAL TERM |
| Topical term or geographic name entry element |
Causation. |
| 9 (RLIN) |
51772 |
| 650 #0 - SUBJECT ADDED ENTRY--TOPICAL TERM |
| Topical term or geographic name entry element |
Data mining. |
| 700 1# - ADDED ENTRY--PERSONAL NAME |
| Personal name |
Glymour, Clark N. |
| 9 (RLIN) |
82533 |
| 700 1# - ADDED ENTRY--PERSONAL NAME |
| Personal name |
Cooper, Gregory Floyd. |
| 9 (RLIN) |
82558 |
| 773 #0 - HOST ITEM ENTRY |
| Title |
MIT CogNet |
| 856 40 - ELECTRONIC LOCATION AND ACCESS |
| Uniform Resource Identifier |
<a href="http://www.columbia.edu/cgi-bin/cul/resolve?clio7916809">http://www.columbia.edu/cgi-bin/cul/resolve?clio7916809</a> |
| Public note |
Full text available from MIT CogNet |
| 910 ## - USER-OPTION DATA (OCLC) |
| User-option data |
Library of Congress record |
| 942 ## - ADDED ENTRY ELEMENTS (KOHA) |
| Source of classification or shelving scheme |
|
| Koha item type |
Book |